000 00500nam a2200181Ia 4500
003 IN-BaIIA
008 211028s9999 xx 000 0 eng d
040 _cIIA Library
080 _a621.38
_bBAT
100 _aBatcher, Ralph R
_93212
245 4 _aThe electronic control handbook
_cRalph R. Batcher and William Moulic
260 _aNew Yor
_bCaldwell-Clements
_c1946
300 _a344p.
650 _aElectronics
_91576
650 _aNASA Thesaurus
700 _aMoulic, William
_93213
942 _cBK
999 _c1602
_d1602